Statistics for Country Shapes in the World Map #1

Click here to take the quiz!

General Stats

  • This quiz has been taken 99,082 times
  • The average score is 18 of 20

Answers on the Map

Answers color-coded by a green-red scale on the quiz's map according to % correct below.
 

Answer Stats

Country% Correct
Mexico
100%
Sweden
98%
Mongolia
97%
New Zealand
97%
Poland
96%
Uruguay
95%
Cuba
94%
Paraguay
94%
Switzerland
94%
Venezuela
93%
Oman
92%
Thailand
92%
Papua New Guinea
91%
Romania
90%
Afghanistan
89%
Ethiopia
88%
Chad
87%
Angola
82%
Azerbaijan
81%
Mauritania
78%

Score Distribution

Percentile by Number Answered

Percent of People with Each Score

Your Score History

You have not taken this quiz